[Event "Liga Madrileña - DH 2013-2014"]
[Site "Madrid ESP"]
[Date "2014.01.19"]
[Round "66.41"]
[White "Alcazar Jimenez, Victor Manuel"]
[Black "Vallejo Diaz, Javier"]
[Result "1/2-1/2"]
[WhiteElo "2368"]
[BlackElo "2400"]
[PlyCount "100"]
[EventDate "2013.11.18"]
[EventType "team-tourn"]
[EventRounds "14"]
[EventCountry "ESP"]
[Source "lmi"]
[SourceDate "2013.11.18"]
[WhiteTeam "Blanco y Negro"]
[BlackTeam "Liberty Chess"]
[WhiteTeamCountry "ESP"]
[BlackTeamCountry "ESP"]

1. c4 e5 2. Nf3 Nc6 3. Nc3 f5 4. d4 e4 5. d5 exf3 6. dxc6 fxg2 7. cxd7+ Qxd7 8.
Qxd7+ Bxd7 9. Bxg2 c6 10. Bf4 Nf6 11. O-O Be6 12. b3 Bb4 13. Na4 O-O-O 14. Rfd1
Ne4 15. Be3 b6 16. Rd3 h6 17. Rad1 g5 18. Bd4 Rhe8 19. Bf3 Bf7 20. Bg7 h5 21.
Bxe4 fxe4 22. Rxd8+ Rxd8 23. Rxd8+ Kxd8 24. Bf6+ Be7 25. Bxe7+ Kxe7 26. c5 b5
27. Nc3 Bg6 28. b4 Ke6 29. e3 Ke5 30. Kg2 Bf7 31. Kg3 Bc4 32. a3 Kf5 33. h4 g4
34. Nb1 Ke5 35. Nd2 Bf7 36. Kg2 Be6 37. Kf1 Bf7 38. Ke1 Be6 39. Kd1 Bg8 40. Kc2
Be6 41. Kc3 Bg8 42. Nf1 Be6 43. Ng3 Bf7 44. Ne2 Bc4 45. Nf4 Bf7 46. Kb2 Kf5 47.
Ne2 Ke5 48. Kc2 Bc4 49. Ng3 Bf7 50. Kc3 Bg6 1/2-1/2

[Event "Liga Madrileña - DH 2013-2014"]
[Site "Madrid ESP"]
[Date "2014.03.01"]
[Round "12.12"]
[White "Gallego Jimenez, Victoriano"]
[Black "Rubio Mejia, Luis Ignacio"]
[Result "0-1"]
[WhiteElo "2367"]
[BlackElo "2452"]
[PlyCount "72"]
[EventDate "2013.11.18"]
[EventType "team-tourn"]
[EventRounds "14"]
[EventCountry "ESP"]
[Source "lmi"]
[SourceDate "2013.11.18"]
[WhiteTeam "La Casa del Ajedrez"]
[BlackTeam "Virgen de Atocha"]
[WhiteTeamCountry "ESP"]
[BlackTeamCountry "ESP"]

1. d4 Nf6 2. c4 e6 3. Nf3 Bb4+ 4. Bd2 Qe7 5. g3 Bxd2+ 6. Qxd2 Nc6 7. Nc3 d5 8.
cxd5 exd5 9. Bg2 O-O 10. O-O Bf5 11. Qf4 Be4 12. Rfd1 Nd8 13. Nxe4 Nxe4 14. Qe5
Qd7 15. Nd2 Re8 16. Qh5 Nf6 17. Qf3 Ne6 18. Qd3 c6 19. Nf3 Qe7 20. e3 Ne4 21.
Nd2 Nxd2 22. Rxd2 Nc7 23. b4 a6 24. a4 Qxb4 25. Rb1 Qxa4 26. Rxb7 Ne6 27. Bh3
g6 28. Qc2 Qxc2 29. Rxc2 Nd8 30. Rc7 Kf8 31. Ra2 Re7 32. Rc8 Rea7 33. Ra5 Rxc8
34. Bxc8 Ra8 35. Bxa6 Ne6 36. Ra2 Nc7 0-1

[Event "Liga Madrileña - DH 2013-2014"]
[Site "Madrid ESP"]
[Date "2014.03.01"]
[Round "12.13"]
[White "Martinez Martin, David"]
[Black "Bass, Leonid"]
[Result "1-0"]
[WhiteElo "2400"]
[BlackElo "2417"]
[PlyCount "39"]
[EventDate "2013.11.18"]
[EventType "team-tourn"]
[EventRounds "14"]
[EventCountry "ESP"]
[Source "lmi"]
[SourceDate "2013.11.18"]
[WhiteTeam "Virgen de Atocha"]
[BlackTeam "La Casa del Ajedrez"]
[WhiteTeamCountry "ESP"]
[BlackTeamCountry "ESP"]

1. d4 d5 2. c4 c6 3. Nf3 Nf6 4. e3 e6 5. Nbd2 Nbd7 6. b3 b6 7. Bb2 Be7 8. Bd3
O-O 9. O-O c5 10. Qe2 Bb7 11. Rad1 Qc7 12. Ne5 Rfd8 13. f4 Ne4 14. cxd5 exd5
15. Nxf7 Nxd2 16. Nxd8 Nxf1 17. Bxh7+ Kxh7 18. Qh5+ Kg8 19. Qf7+ Kh8 20. Ne6
1-0

[Event "Liga Madrileña - DH 2013-2014"]
[Site "Madrid ESP"]
[Date "2014.03.01"]
[Round "12.14"]
[White "Suarez Uriel, Adrian"]
[Black "Rabadan Velasco, Raul"]
[Result "1-0"]
[WhiteElo "2254"]
[BlackElo "2280"]
[PlyCount "96"]
[EventDate "2013.11.18"]
[EventType "team-tourn"]
[EventRounds "14"]
[EventCountry "ESP"]
[Source "lmi"]
[SourceDate "2013.11.18"]
[WhiteTeam "La Casa del Ajedrez"]
[BlackTeam "Virgen de Atocha"]
[WhiteTeamCountry "ESP"]
[BlackTeamCountry "ESP"]

1. e4 d5 2. exd5 Qxd5 3. Nf3 Nf6 4. d4 c6 5. c4 Qa5+ 6. Bd2 Qc7 7. Qc2 g6 8.
Bd3 Bg7 9. Nc3 O-O 10. O-O Bg4 11. Ne5 Rd8 12. Be3 Nbd7 13. f4 e6 14. b4 Bf5
15. h3 Nxe5 16. fxe5 Bxd3 17. Qxd3 Qxe5 18. Rad1 Qh5 19. Rf3 e5 20. Qf1 exd4
21. Bxd4 Ne8 22. Bxg7 Rxd1 23. Qxd1 Nxg7 24. Qd7 Nf5 25. Ne4 Qh4 26. Qxb7 Re8
27. Ng3 Qd4+ 28. Kh2 Qf6 29. Qxa7 h5 30. Qa5 Qd6 31. Qc5 Qxc5 32. bxc5 Nxg3 33.
Kxg3 Re5 34. a4 Rxc5 35. Rc3 Kg7 36. Kf4 Rf5+ 37. Ke4 Kf6 38. Kd4 Ra5 39. Ra3
c5+ 40. Ke4 Ke6 41. Kf4 Ke7 42. h4 f6 43. Ke4 g5 44. hxg5 fxg5 45. g3 h4 46. g4
h3 47. Rxh3 Rxa4 48. Rc3 Kf7 1-0

[Event "Liga Madrileña - DH 2013-2014"]
[Site "Madrid ESP"]
[Date "2014.03.01"]
[Round "12.15"]
[White "Vazquez Torres, Adrian"]
[Black "Madina Yadarola, Martin"]
[Result "1-0"]
[WhiteElo "2179"]
[BlackElo "2276"]
[PlyCount "43"]
[EventDate "2013.11.18"]
[EventType "team-tourn"]
[EventRounds "14"]
[EventCountry "ESP"]
[Source "lmi"]
[SourceDate "2013.11.18"]
[WhiteTeam "Virgen de Atocha"]
[BlackTeam "La Casa del Ajedrez"]
[WhiteTeamCountry "ESP"]
[BlackTeamCountry "ESP"]

1. e4 d6 2. d4 Nf6 3. Nc3 c6 4. Nf3 Bg4 5. h3 Bxf3 6. Qxf3 e6 7. Bd3 Nbd7 8.
O-O Be7 9. Qg3 g6 10. Bh6 Qa5 11. Rab1 c5 12. e5 Nh5 13. Qf3 cxd4 14. exd6 Bg5
15. Bb5 Bxh6 16. Bxd7+ Kf8 17. Bxe6 Nf4 18. Bb3 Kg7 19. Nd5 Nxd5 20. Bxd5 Rhd8
21. Rfe1 Rd7 22. Re7 1-0

[Event "Liga Madrileña - DH 2013-2014"]
[Site "Madrid ESP"]
[Date "2014.03.01"]
[Round "12.16"]
[White "Sanchez Rojo, Gustavo"]
[Black "Perez de Aranda, Leonardo Ivan"]
[Result "1/2-1/2"]
[WhiteElo "2172"]
[BlackElo "2115"]
[PlyCount "25"]
[EventDate "2013.11.18"]
[EventType "team-tourn"]
[EventRounds "14"]
[EventCountry "ESP"]
[Source "lmi"]
[SourceDate "2013.11.18"]
[WhiteTeam "La Casa del Ajedrez"]
[BlackTeam "Virgen de Atocha"]
[WhiteTeamCountry "ESP"]
[BlackTeamCountry "ESP"]

1. e4 c5 2. Nc3 Nc6 3. f4 g6 4. Nf3 Bg7 5. Bb5 Nd4 6. O-O e6 7. e5 Ne7 8. Ne4
Nxb5 9. a4 Nd4 10. Nd6+ Kf8 11. Ng5 Qc7 12. Ngxf7 Rg8 13. g4 1/2-1/2

[Event "Liga Madrileña - DH 2013-2014"]
[Site "Madrid ESP"]
[Date "2014.03.01"]
[Round "12.21"]
[White "Aranda Marin, Cristian"]
[Black "Vallejo Diaz, Javier"]
[Result "0-1"]
[WhiteElo "2303"]
[BlackElo "2400"]
[PlyCount "66"]
[EventDate "2013.11.18"]
[EventType "team-tourn"]
[EventRounds "14"]
[EventCountry "ESP"]
[Source "lmi"]
[SourceDate "2013.11.18"]
[WhiteTeam "San Fernando de Henares"]
[BlackTeam "Liberty Chess"]
[WhiteTeamCountry "ESP"]
[BlackTeamCountry "ESP"]

1. e4 c5 2. Nf3 e6 3. d4 cxd4 4. Nxd4 a6 5. Bd3 Nc6 6. Nxc6 bxc6 7. c4 e5 8.
O-O Nf6 9. Qe2 Be7 10. Nc3 d6 11. b3 O-O 12. Na4 Bg4 13. f3 Bd7 14. c5 d5 15.
Bb2 dxe4 16. fxe4 Bg4 17. Qe3 Nd7 18. Bc4 Bh5 19. Qh3 Bg6 20. Rad1 Ra7 21. Bxe5
Nxe5 22. Rxd8 Rxd8 23. Be2 Rad7 24. Qc3 Bf6 25. Qa5 h5 26. Nc3 Ng4 27. Rxf6
gxf6 28. h3 Ne5 29. Qxa6 Rd2 30. Qb6 R8d4 31. Qa5 Rc2 32. Kf2 Rd3 33. Nd1 Rxd1
0-1

[Event "Liga Madrileña - DH 2013-2014"]
[Site "Madrid ESP"]
[Date "2014.03.01"]
[Round "12.22"]
[White "Sanchez Gonzalez, Sergio"]
[Black "Fernandez Blazquez, Diego"]
[Result "1/2-1/2"]
[WhiteElo "2319"]
[BlackElo "2195"]
[PlyCount "72"]
[EventDate "2013.11.18"]
[EventType "team-tourn"]
[EventRounds "14"]
[EventCountry "ESP"]
[Source "lmi"]
[SourceDate "2013.11.18"]
[WhiteTeam "Liberty Chess"]
[BlackTeam "San Fernando de Henares"]
[WhiteTeamCountry "ESP"]
[BlackTeamCountry "ESP"]

1. c4 c5 2. Nf3 Nc6 3. Nc3 g6 4. e3 Nf6 5. d4 cxd4 6. exd4 d5 7. Bg5 dxc4 8.
Bxc4 Bg7 9. d5 Nb8 10. O-O O-O 11. Re1 Bg4 12. h3 Bxf3 13. Qxf3 Nbd7 14. Rad1
Qc7 15. Bb3 Rfe8 16. Ba4 Qd6 17. Bxf6 exf6 18. Ne4 Rxe4 19. Qxe4 Nc5 20. Qc4 f5
21. Qb5 a6 22. Re8+ Bf8 23. Qe2 Rxe8 24. Qxe8 Kg7 25. Bc2 Be7 26. b4 Nd7 27.
Qc8 Nf6 28. Qxb7 Qe5 29. Qc6 Bd6 30. Kf1 Nh5 31. g3 f4 32. g4 f3 33. gxh5 Qe2+
34. Kg1 Qe5 35. Kf1 Qe2+ 36. Kg1 Qe5 1/2-1/2

[Event "Liga Madrileña - DH 2013-2014"]
[Site "Madrid ESP"]
[Date "2014.03.01"]
[Round "12.23"]
[White "Salcedo Tornero, Pablo"]
[Black "Perez Gonzalez, Jose Manuel"]
[Result "0-1"]
[WhiteElo "2130"]
[BlackElo "2324"]
[PlyCount "62"]
[EventDate "2013.11.18"]
[EventType "team-tourn"]
[EventRounds "14"]
[EventCountry "ESP"]
[Source "lmi"]
[SourceDate "2013.11.18"]
[WhiteTeam "San Fernando de Henares"]
[BlackTeam "Liberty Chess"]
[WhiteTeamCountry "ESP"]
[BlackTeamCountry "ESP"]

1. e4 c5 2. Nc3 Nc6 3. g3 g6 4. Bg2 Bg7 5. d3 d6 6. Be3 e5 7. Nd5 Be6 8. Ne2
Bxd5 9. exd5 Nce7 10. c3 Nf6 11. Bg5 O-O 12. Qd2 Qb6 13. Bxf6 Bxf6 14. h4 h5
15. O-O-O Bg7 16. g4 hxg4 17. h5 Qd8 18. f3 g3 19. hxg6 fxg6 20. Bh3 Nf5 21.
Bg4 Bf6 22. f4 Bh4 23. Kb1 Kg7 24. Rdg1 Nh6 25. Bh3 Qf6 26. fxe5 Qxe5 27. Be6
g5 28. Rg2 Rf2 29. Rhg1 Raf8 30. Qd1 Rxg2 31. Rxg2 Rf2 0-1

[Event "Liga Madrileña - DH 2013-2014"]
[Site "Madrid ESP"]
[Date "2014.03.01"]
[Round "12.24"]
[White "Martin Rueda, Daniel"]
[Black "Jimenez Lopez, Antonio"]
[Result "1-0"]
[WhiteElo "2315"]
[BlackElo "2107"]
[PlyCount "57"]
[EventDate "2013.11.18"]
[EventType "team-tourn"]
[EventRounds "14"]
[EventCountry "ESP"]
[Source "lmi"]
[SourceDate "2013.11.18"]
[WhiteTeam "Liberty Chess"]
[BlackTeam "San Fernando de Henares"]
[WhiteTeamCountry "ESP"]
[BlackTeamCountry "ESP"]

1. e4 c5 2. Nf3 e6 3. d4 cxd4 4. Nxd4 Nf6 5. Nc3 Nc6 6. Nxc6 bxc6 7. e5 Nd5 8.
Ne4 Qc7 9. f4 Qa5+ 10. Bd2 Qb6 11. c4 Qd4 12. Qf3 Qxb2 13. Rd1 Nb4 14. Bd3 Qd4
15. Bc3 Nxd3+ 16. Rxd3 Qxc4 17. O-O Rb8 18. f5 exf5 19. Qxf5 Qe6 20. Qf2 Be7
21. Nd6+ Bxd6 22. exd6 O-O 23. Re1 Qh6 24. Rh3 Qxd6 25. Be5 Qb4 26. Rb3 Qxe1+
27. Qxe1 Rxb3 28. axb3 d5 29. Bd6 1-0

[Event "Liga Madrileña - DH 2013-2014"]
[Site "Madrid ESP"]
[Date "2014.03.01"]
[Round "12.25"]
[White "Ocana Lameiro, Oliver"]
[Black "Gutierrez Sanchez, Fernando"]
[Result "1-0"]
[WhiteElo "2044"]
[BlackElo "1945"]
[PlyCount "97"]
[EventDate "2013.11.18"]
[EventType "team-tourn"]
[EventRounds "14"]
[EventCountry "ESP"]
[Source "lmi"]
[SourceDate "2013.11.18"]
[WhiteTeam "San Fernando de Henares"]
[BlackTeam "Liberty Chess"]
[WhiteTeamCountry "ESP"]
[BlackTeamCountry "ESP"]

1. Nf3 d5 2. c4 e6 3. d4 c5 4. cxd5 exd5 5. Nc3 Nc6 6. g3 Nf6 7. Bg2 Be7 8. O-O
O-O 9. Bg5 Bf5 10. dxc5 d4 11. Na4 Be4 12. b4 Qd5 13. Bd2 Rad8 14. Nb2 Ne5 15.
Ne1 Bxg2 16. Nxg2 Ne4 17. Nf4 Qc6 18. Nfd3 Ng4 19. Nc4 Qd5 20. Na5 Qh5 21. h4
Qd5 22. f3 Nxg3 23. Nf4 Qd7 24. fxg4 Nxf1 25. Qxf1 Qxg4+ 26. Qg2 Qxg2+ 27. Nxg2
b6 28. Nc6 Rd7 29. Nxe7+ Rxe7 30. Nf4 Rc7 31. Rc1 Rfc8 32. Nd3 f6 33. Kf2 Kf7
34. Bf4 Re7 35. c6 Ke6 36. b5 Kf5 37. Nb4 Re4 38. Bg3 g5 39. hxg5 fxg5 40. Rh1
Re7 41. Nd5 Rf7 42. Rh6 Ke4+ 43. Nf6+ Kf5 44. Nd7 Kg4+ 45. Kg2 Re7 46. Be5 Kf5
47. Bxd4 Rxe2+ 48. Kf3 Re7 49. Rf6# 1-0

[Event "Liga Madrileña - DH 2013-2014"]
[Site "Madrid ESP"]
[Date "2014.03.01"]
[Round "12.26"]
[White "Clemente Sanchez, Eduardo"]
[Black "Fernandez Gil, Ruben Carlos"]
[Result "1/2-1/2"]
[WhiteElo "1855"]
[BlackElo "2043"]
[PlyCount "102"]
[EventDate "2013.11.18"]
[EventType "team-tourn"]
[EventRounds "14"]
[EventCountry "ESP"]
[Source "lmi"]
[SourceDate "2013.11.18"]
[WhiteTeam "Liberty Chess"]
[BlackTeam "San Fernando de Henares"]
[WhiteTeamCountry "ESP"]
[BlackTeamCountry "ESP"]

1. d4 Nf6 2. c4 e6 3. Nc3 c5 4. e3 b6 5. Nf3 Bb7 6. Be2 d6 7. dxc5 bxc5 8. O-O
Be7 9. Qc2 O-O 10. Rd1 Qb6 11. b3 Qc6 12. Bb2 Nbd7 13. Rd2 Nb6 14. Rad1 Rfd8
15. Ne1 a6 16. Bf3 Qc7 17. Ne4 Nxe4 18. Bxe4 Bxe4 19. Qxe4 Bf8 20. Nf3 d5 21.
Qe5 Qxe5 22. Bxe5 Ra7 23. Bc3 a5 24. Ne5 Rc8 25. cxd5 Nxd5 26. Bb2 a4 27. e4
Nf6 28. Rd8 Raa8 29. Rxc8 Rxc8 30. f3 axb3 31. axb3 Rb8 32. Rd3 Ne8 33. Bc1 Nd6
34. Nd7 Ra8 35. Be3 c4 36. bxc4 Nxc4 37. Nxf8 Nxe3 38. Nxe6 Nxg2 39. Kxg2 fxe6
40. Rd7 Ra6 41. Kg3 h6 42. h4 Kh7 43. Kf4 Ra5 44. Re7 Rh5 45. Rxe6 Rxh4+ 46.
Kg3 Rh1 47. f4 Rg1+ 48. Kh4 Rh1+ 49. Kg4 Rg1+ 50. Kh4 Rh1+ 51. Kg4 Rg1+ 1/2-1/2

[Event "Liga Madrileña - DH 2013-2014"]
[Site "Madrid ESP"]
[Date "2014.03.02"]
[Round "12.31"]
[White "Garcia Callejo, Jesus"]
[Black "Taboas Rodriguez, Daniel"]
[Result "0-1"]
[WhiteElo "2224"]
[BlackElo "2398"]
[PlyCount "46"]
[EventDate "2013.11.18"]
[EventType "team-tourn"]
[EventRounds "14"]
[EventCountry "ESP"]
[Source "lmi"]
[SourceDate "2013.11.18"]
[WhiteTeam "Vallecas CDV"]
[BlackTeam "Blanco y Negro"]
[WhiteTeamCountry "ESP"]
[BlackTeamCountry "ESP"]

1. e4 e6 2. d4 d5 3. e5 c5 4. c3 Nc6 5. Nf3 Nh6 6. Bd3 Nf5 7. dxc5 Bxc5 8. Nbd2
Bb6 9. Nb3 Nh4 10. Nxh4 Qxh4 11. Qe2 O-O 12. O-O f6 13. exf6 Rxf6 14. Be3 e5
15. Bxb6 Rh6 16. f3 Qxh2+ 17. Kf2 Qh4+ 18. Kg1 axb6 19. Qe1 Qh2+ 20. Kf2 e4 21.
Be2 Bh3 22. Rg1 Bxg2 23. Rxg2 e3+ 0-1

[Event "Liga Madrileña - DH 2013-2014"]
[Site "Madrid ESP"]
[Date "2014.03.02"]
[Round "12.32"]
[White "Alarcia Astriz, Carlos"]
[Black "Martin Duque, Jesus"]
[Result "1/2-1/2"]
[WhiteElo "2331"]
[BlackElo "2233"]
[PlyCount "46"]
[EventDate "2013.11.18"]
[EventType "team-tourn"]
[EventRounds "14"]
[EventCountry "ESP"]
[Source "lmi"]
[SourceDate "2013.11.18"]
[WhiteTeam "Blanco y Negro"]
[BlackTeam "Vallecas CDV"]
[WhiteTeamCountry "ESP"]
[BlackTeamCountry "ESP"]

1. e4 e6 2. d4 d5 3. Nc3 Bb4 4. exd5 exd5 5. Bd3 Nc6 6. Nge2 Nge7 7. O-O Bf5 8.
Bf4 O-O 9. a3 Ba5 10. Na4 Bxd3 11. Qxd3 Ng6 12. Bg3 Bb6 13. Nxb6 axb6 14. Nc3
Qd7 15. Rfe1 Rac8 16. Re2 Nd8 17. Qf3 Ne6 18. Rd1 Rcd8 19. h4 Ne7 20. Re5 f6
21. Ree1 Nc6 22. Ne2 b5 23. c3 Rfe8 1/2-1/2

[Event "Liga Madrileña - DH 2013-2014"]
[Site "Madrid ESP"]
[Date "2014.03.02"]
[Round "12.33"]
[White "Montanes Arribas, Adrian"]
[Black "Renteria Becerra, Jorge Elicer"]
[Result "0-1"]
[WhiteElo "2220"]
[BlackElo "2311"]
[PlyCount "112"]
[EventDate "2013.11.18"]
[EventType "team-tourn"]
[EventRounds "14"]
[EventCountry "ESP"]
[Source "lmi"]
[SourceDate "2013.11.18"]
[WhiteTeam "Vallecas CDV"]
[BlackTeam "Blanco y Negro"]
[WhiteTeamCountry "ESP"]
[BlackTeamCountry "ESP"]

1. e4 d6 2. d4 Nf6 3. Nc3 e5 4. Nf3 Nbd7 5. Bc4 Be7 6. O-O O-O 7. Re1 c6 8. a4
b6 9. h3 a6 10. Qd3 Bb7 11. Ba2 b5 12. b4 a5 13. axb5 axb4 14. Ne2 cxb5 15. Ng3
exd4 16. Qxd4 d5 17. e5 Bc5 18. Qd1 Ne4 19. Nxe4 dxe4 20. Ng5 Rxa2 21. Rxa2 e3
22. Bxe3 Bxe3 23. Rxe3 Qxg5 24. Rg3 Qf5 25. Ra7 Bc6 26. Qg4 Qxg4 27. Rxg4 Nxe5
28. Rxb4 Rd8 29. Rc7 g5 30. Re7 Rd1+ 31. Kh2 Nc4 32. Rc7 Bd7 33. Rb3 Ne5 34.
Rg3 h6 35. f4 Ng6 36. fxg5 h5 37. Rd3 Rxd3 38. cxd3 Bf5 39. d4 Kf8 40. Rb7 Bd3
41. d5 Bc4 42. d6 Ke8 43. Kg3 Kd8 44. Kf2 Kc8 45. Rc7+ Kd8 46. g3 Be6 47. h4 b4
48. Rb7 b3 49. Ke3 Kc8 50. Rc7+ Kb8 51. Kd2 Ne5 52. Kc3 Nc4 53. Rc5 Nxd6 54.
Re5 b2 55. Re1 Nc4 56. Kb3 b1=Q+ 0-1

[Event "Liga Madrileña - DH 2013-2014"]
[Site "Madrid ESP"]
[Date "2014.03.02"]
[Round "12.34"]
[White "Martinez Lozano, Miguel Angel"]
[Black "Madurga Lopez, Ignacio"]
[Result "1/2-1/2"]
[WhiteElo "2225"]
[BlackElo "2088"]
[PlyCount "112"]
[EventDate "2013.11.18"]
[EventType "team-tourn"]
[EventRounds "14"]
[EventCountry "ESP"]
[Source "lmi"]
[SourceDate "2013.11.18"]
[WhiteTeam "Blanco y Negro"]
[BlackTeam "Vallecas CDV"]
[WhiteTeamCountry "ESP"]
[BlackTeamCountry "ESP"]

1. e4 c5 2. Nf3 d6 3. d4 cxd4 4. Nxd4 Nf6 5. Nc3 Nc6 6. Bg5 Bd7 7. Qd2 Rc8 8.
O-O-O Nxd4 9. Qxd4 Qa5 10. Bd2 e5 11. Qe3 a6 12. Kb1 Qc7 13. f4 b5 14. Bd3 Qc5
15. Qg3 Be7 16. Rhf1 Bg4 17. Rde1 h5 18. fxe5 h4 19. Qf2 Qxf2 20. Rxf2 dxe5 21.
Nd5 Nxd5 22. exd5 Bd6 23. Bc3 f6 24. Bg6+ Ke7 25. h3 Bd7 26. Bd3 Rh5 27. Bd2
Bc5 28. Rff1 Kd6 29. Bg6 Rhh8 30. Be4 Rhf8 31. Rd1 Rh8 32. c3 Rcf8 33. b4 Bb6
34. a4 f5 35. Bd3 Kxd5 36. axb5 axb5 37. Bc1 Kc6 38. Bxb5+ Kxb5 39. Rxd7 g6 40.
Rd5+ Kc4 41. Rxe5 Re8 42. Rfe1 Rxe5 43. Rxe5 Kxc3 44. Re6 Bd4 45. Rd6 Re8 46.
Bb2+ Kd3 47. Rxd4+ Ke3 48. Rxh4 Kf2 49. Rh6 Re6 50. g4 f4 51. b5 Kg3 52. Rh8
Rb6 53. Kc2 Rxb5 54. Bd4 f3 55. Rf8 Kxh3 56. Rxf3+ Kxg4 1/2-1/2

[Event "Liga Madrileña - DH 2013-2014"]
[Site "Madrid ESP"]
[Date "2014.03.02"]
[Round "12.35"]
[White "Morona Minguez, Irene"]
[Black "Garrido Olivares, Ricard"]
[Result "1-0"]
[WhiteElo "1983"]
[BlackElo "2216"]
[PlyCount "95"]
[EventDate "2013.11.18"]
[EventType "team-tourn"]
[EventRounds "14"]
[EventCountry "ESP"]
[Source "lmi"]
[SourceDate "2013.11.18"]
[WhiteTeam "Vallecas CDV"]
[BlackTeam "Blanco y Negro"]
[WhiteTeamCountry "ESP"]
[BlackTeamCountry "ESP"]

1. e4 c6 2. d4 d5 3. exd5 cxd5 4. c4 Nf6 5. Nc3 Nc6 6. Nf3 Bg4 7. cxd5 Nxd5 8.
Qb3 Bxf3 9. gxf3 e6 10. Qxb7 Nxd4 11. Bb5+ Nxb5 12. Qc6+ Ke7 13. Qxb5 Qd7 14.
Bg5+ f6 15. Nxd5+ Qxd5 16. Qxd5 exd5 17. Be3 Ke6 18. O-O-O Bb4 19. Bd2 Rac8+
20. Kb1 Bc5 21. Rhe1+ Kf5 22. Be3 Bxe3 23. Rxd5+ Kf4 24. Rxe3 Rhd8 25. Rxd8
Rxd8 26. Kc2 Rd5 27. b4 Rh5 28. h4 g5 29. hxg5 Rxg5 30. Re7 a5 31. Rxh7 Kxf3
32. Rf7 Kxf2 33. Rxf6+ Ke3 34. a3 Kd4 35. Kb3 axb4 36. axb4 Rg8 37. Ka4 Kc4 38.
Rc6+ Kd5 39. b5 Ra8+ 40. Kb4 Ra7 41. Rc1 Kd6 42. b6 Ra2 43. Kb5 Kd7 44. b7 Rb2+
45. Ka6 Rb3 46. Ka7 Ra3+ 47. Kb8 Rd3 48. Ra1 1-0

[Event "Liga Madrileña - DH 2013-2014"]
[Site "Madrid ESP"]
[Date "2014.03.02"]
[Round "12.36"]
[White "Rivas Vila, David"]
[Black "Rios Rebollo, Victor"]
[Result "0-1"]
[WhiteElo "2211"]
[BlackElo "1911"]
[PlyCount "134"]
[EventDate "2013.11.18"]
[EventType "team-tourn"]
[EventRounds "14"]
[EventCountry "ESP"]
[Source "lmi"]
[SourceDate "2013.11.18"]
[WhiteTeam "Blanco y Negro"]
[BlackTeam "Vallecas CDV"]
[WhiteTeamCountry "ESP"]
[BlackTeamCountry "ESP"]

1. e4 e6 2. d4 d5 3. e5 c5 4. c3 Qb6 5. Nf3 Nc6 6. Be2 Be7 7. dxc5 Bxc5 8. O-O
a5 9. Nbd2 Nge7 10. Bd3 Ng6 11. Bxg6 hxg6 12. Nb3 Be7 13. Re1 Qc7 14. Nbd4 b6
15. Nb5 Qb8 16. Bf4 Ba6 17. Qa4 Qb7 18. Nfd4 Bxb5 19. Nxb5 Rc8 20. Rad1 O-O 21.
Rd3 Qd7 22. Qb3 Nb4 23. cxb4 Qxb5 24. bxa5 Qxb3 25. Rxb3 bxa5 26. Bd2 a4 27.
Rb7 Bc5 28. Bb4 Bxb4 29. Rxb4 Rb8 30. Rxa4 Rxb2 31. g3 Rc8 32. Re3 Rbc2 33. h4
Kf8 34. Kg2 Ke7 35. Ra7+ R8c7 36. Rxc7+ Rxc7 37. Kf3 Ra7 38. a3 f6 39. exf6+
gxf6 40. g4 e5 41. Rb3 Ra6 42. Kg3 Ke6 43. h5 gxh5 44. gxh5 Kf5 45. f3 Kg5 46.
Rd3 Ra5 47. a4 Kxh5 48. Ra3 Kg5 49. Ra1 Kf5 50. Ra3 e4 51. fxe4+ dxe4 52. Ra2
Kg5 53. Ra3 f5 54. Ra1 f4+ 55. Kf2 Kg4 56. Rg1+ Kf5 57. Ra1 Ke5 58. Ke2 Kd4 59.
Rd1+ Kc4 60. Rc1+ Kb4 61. Rc8 Rxa4 62. Rf8 Ra2+ 63. Kf1 f3 64. Rc8 Kb3 65. Rc7
e3 66. Rb7+ Kc2 67. Rc7+ Kd1 0-1

[Event "Liga Madrileña - DH 2013-2014"]
[Site "Madrid ESP"]
[Date "2014.03.02"]
[Round "12.41"]
[White "Granda Zuniga, Julio E"]
[Black "Moreno Trujillo, Alejandro"]
[Result "1-0"]
[WhiteElo "2680"]
[BlackElo "2541"]
[PlyCount "65"]
[EventDate "2013.11.18"]
[EventType "team-tourn"]
[EventRounds "14"]
[EventCountry "ESP"]
[Source "lmi"]
[SourceDate "2013.11.18"]
[WhiteTeam "Collado Villalba"]
[BlackTeam "64 Villalba"]
[WhiteTeamCountry "ESP"]
[BlackTeamCountry "ESP"]

1. Nf3 c5 2. c4 g6 3. d4 cxd4 4. Nxd4 Nf6 5. Nc3 d5 6. e3 dxc4 7. Bxc4 Nc6 8.
Qb3 e6 9. Nxc6 bxc6 10. O-O Qc7 11. h3 Rb8 12. Qc2 Bg7 13. e4 O-O 14. Be3 Nd7
15. Rac1 Qb7 16. Na4 Nb6 17. Nc5 Qe7 18. Be2 Rd8 19. b4 Bd4 20. Bxd4 Rxd4 21.
a3 e5 22. Rfd1 Rxd1+ 23. Rxd1 Be6 24. Qc3 Nd7 25. Nxe6 Qxe6 26. Bg4 f5 27. Bf3
Rb6 28. Be2 Kf8 29. exf5 gxf5 30. Bc4 Qe7 31. Qd3 Nf6 32. Qxf5 Rb8 33. Rd7 1-0

[Event "Liga Madrileña - DH 2013-2014"]
[Site "Madrid ESP"]
[Date "2014.03.02"]
[Round "12.42"]
[White "Huerga Leache, Mikel"]
[Black "Arribas Lopez, Angel"]
[Result "1/2-1/2"]
[WhiteElo "2441"]
[BlackElo "2488"]
[PlyCount "33"]
[EventDate "2013.11.18"]
[EventType "team-tourn"]
[EventRounds "14"]
[EventCountry "ESP"]
[Source "lmi"]
[SourceDate "2013.11.18"]
[WhiteTeam "64 Villalba"]
[BlackTeam "Collado Villalba"]
[WhiteTeamCountry "ESP"]
[BlackTeamCountry "ESP"]

1. e4 e6 2. d4 d5 3. e5 c5 4. c3 Nc6 5. Nf3 Qb6 6. a3 Nh6 7. b4 cxd4 8. cxd4
Nf5 9. Be3 f6 10. b5 Nxe3 11. fxe3 Nxe5 12. dxe5 Qxe3+ 13. Qe2 Qc1+ 14. Qd1
Qe3+ 15. Qe2 Qc1+ 16. Qd1 Qe3+ 17. Qe2 1/2-1/2

[Event "Liga Madrileña - DH 2013-2014"]
[Site "Madrid ESP"]
[Date "2014.03.02"]
[Round "12.43"]
[White "Moreno Ruiz, Javier"]
[Black "Espinosa Aranda, Angel"]
[Result "1/2-1/2"]
[WhiteElo "2470"]
[BlackElo "2387"]
[PlyCount "97"]
[EventDate "2013.11.18"]
[EventType "team-tourn"]
[EventRounds "14"]
[EventCountry "ESP"]
[Source "lmi"]
[SourceDate "2013.11.18"]
[WhiteTeam "Collado Villalba"]
[BlackTeam "64 Villalba"]
[WhiteTeamCountry "ESP"]
[BlackTeamCountry "ESP"]

1. d4 d5 2. c4 e6 3. Nc3 Be7 4. cxd5 exd5 5. Bf4 c6 6. e3 Bd6 7. Bxd6 Qxd6 8.
Bd3 Ne7 9. Qc2 g6 10. Nf3 O-O 11. O-O Bg4 12. Ne5 Bf5 13. b4 Nd7 14. Nxd7 Qxd7
15. Rab1 Rac8 16. Rfc1 Rfe8 17. Na4 Bxd3 18. Qxd3 Qf5 19. Nc5 b6 20. Qxf5 Nxf5
21. Nd3 f6 22. g4 Nd6 23. g5 Nc4 24. gxf6 b5 25. a4 bxa4 26. Ra1 a3 27. Ne5
Nxe5 28. dxe5 Rxe5 29. Rxa3 Rg5+ 30. Kf1 Rf5 31. Rxa7 Rxf6 32. b5 c5 33. Rd7
Rb6 34. Ra1 Rxb5 35. Raa7 Rb1+ 36. Kg2 c4 37. Rg7+ Kh8 38. Rxh7+ Kg8 39. Rag7+
Kf8 40. Rxg6 Rbb8 41. Rgg7 c3 42. h4 c2 43. Rf7+ Kg8 44. Rhg7+ Kh8 45. Rh7+ Kg8
46. h5 Rc6 47. Rhg7+ Kh8 48. Rh7+ Kg8 49. Rhg7+ 1/2-1/2